<?xml version="1.0" encoding="UTF-8"?><?xml-stylesheet type="text/xsl" href="static/style.xsl"?><OAI-PMH xmlns="http://www.openarchives.org/OAI/2.0/" xmlns:xsi="http://www.w3.org/2001/XMLSchema-instance" xsi:schemaLocation="http://www.openarchives.org/OAI/2.0/ http://www.openarchives.org/OAI/2.0/OAI-PMH.xsd"><responseDate>2026-06-05T13:37:43Z</responseDate><request verb="GetRecord" identifier="oai:riuma.uma.es:10630/29613" metadataPrefix="marc">https://riuma.uma.es/rest/oai/request</request><GetRecord><record><header><identifier>oai:riuma.uma.es:10630/29613</identifier><datestamp>2026-02-03T10:59:37Z</datestamp><setSpec>com_10630_2254</setSpec><setSpec>col_10630_37953</setSpec></header><metadata><record xmlns="http://www.loc.gov/MARC21/slim" xmlns:dcterms="http://purl.org/dc/terms/" xmlns:doc="http://www.lyncode.com/xoai" xmlns:xsi="http://www.w3.org/2001/XMLSchema-instance" xsi:schemaLocation="http://www.loc.gov/MARC21/slim http://www.loc.gov/standards/marcxml/schema/MARC21slim.xsd">
   <leader>00925njm 22002777a 4500</leader>
   <datafield ind2=" " ind1=" " tag="042">
      <subfield code="a">dc</subfield>
   </datafield>
   <datafield ind2=" " ind1=" " tag="720">
      <subfield code="a">Orozco-Navarrete, Begoña</subfield>
      <subfield code="e">author</subfield>
   </datafield>
   <datafield ind2=" " ind1=" " tag="720">
      <subfield code="a">Kaczmarska, Zuzanna</subfield>
      <subfield code="e">author</subfield>
   </datafield>
   <datafield ind2=" " ind1=" " tag="720">
      <subfield code="a">Dupeux, Florine</subfield>
      <subfield code="e">author</subfield>
   </datafield>
   <datafield ind2=" " ind1=" " tag="720">
      <subfield code="a">Garrido-Arandia, María</subfield>
      <subfield code="e">author</subfield>
   </datafield>
   <datafield ind2=" " ind1=" " tag="720">
      <subfield code="a">Pott, Delphine</subfield>
      <subfield code="e">author</subfield>
   </datafield>
   <datafield ind2=" " ind1=" " tag="720">
      <subfield code="a">Díaz-Perales, Araceli</subfield>
      <subfield code="e">author</subfield>
   </datafield>
   <datafield ind2=" " ind1=" " tag="720">
      <subfield code="a">Casañal, Ana</subfield>
      <subfield code="e">author</subfield>
   </datafield>
   <datafield ind2=" " ind1=" " tag="720">
      <subfield code="a">Márquez, José A.</subfield>
      <subfield code="e">author</subfield>
   </datafield>
   <datafield ind2=" " ind1=" " tag="720">
      <subfield code="a">Valpuesta-Fernández, Victoriano</subfield>
      <subfield code="e">author</subfield>
   </datafield>
   <datafield ind2=" " ind1=" " tag="720">
      <subfield code="a">Merchante-Berg, Catharina</subfield>
      <subfield code="e">author</subfield>
   </datafield>
   <datafield ind2=" " ind1=" " tag="260">
      <subfield code="c">2019-11-27</subfield>
   </datafield>
   <datafield ind2=" " ind1=" " tag="520">
      <subfield code="a">Although strawberries are highly appreciated fruits, their intake can induce allergic reactions in atopic patients. These reactions can be due to the patient’s previous sensitization to the major birch pollen allergen Bet v 1, by which IgE generated in response to Bet v 1 cross-reacts with the structurally related strawberry Fra a 1 protein family. Fra a 1.02 is the most expressed paralog in ripe strawberries and is highly allergenic. To better understand the molecular mechanisms regulating this allergic response, we have determined the three-dimensional structure of Fra a 1.02 and four site-directed mutants that were designed based on their positions in potential epitopes. Fra a 1.02 and mutants conform to the START fold. We show that the cross-reactivity of all the mutant variants to IgE from patients allergic to Bet v 1 was significantly reduced without altering the conserved structural fold, so that they could potentially be used as hypoallergenic Fra a 1 variants for the generation of vaccines against strawberry allergy in atopic patients.</subfield>
   </datafield>
   <datafield ind1="8" ind2=" " tag="024">
      <subfield code="a">Orozco-Navarrete B, Kaczmarska Z, Dupeux F, Garrido-Arandia M, Pott D, Perales AD, Casañal A, Márquez JA, Valpuesta V, Merchante C. Structural Bases for the Allergenicity of Fra a 1.02 in Strawberry Fruits. J Agric Food Chem. 2020 Sep 30;68(39):10951-10961. doi: 10.1021/acs.jafc.9b05714. Epub 2020 Jan 3. PMID: 31774998; PMCID: PMC7644122.</subfield>
   </datafield>
   <datafield ind1="8" ind2=" " tag="024">
      <subfield code="a">https://hdl.handle.net/10630/29613</subfield>
   </datafield>
   <datafield ind1="8" ind2=" " tag="024">
      <subfield code="a">10.1021/acs.jafc.9b05714</subfield>
   </datafield>
   <datafield tag="653" ind2=" " ind1=" ">
      <subfield code="a">Fresas</subfield>
   </datafield>
   <datafield tag="653" ind2=" " ind1=" ">
      <subfield code="a">Alergenos</subfield>
   </datafield>
   <datafield ind2="0" ind1="0" tag="245">
      <subfield code="a">Structural Bases for the Allergenicity of Fra a 1.02 in Strawberry Fruits.</subfield>
   </datafield>
</record>
</metadata></record></GetRecord></OAI-PMH>